Sociétaires de l'émission On va s'gêner 1999 - 2014 - Laurent Ruquier - Statistiques

Statistiques générales
  • Ce quiz a été pris 54 fois
    46 depuis la dernière actualisation
  • Le résultat moyen est 44 sur 188
Statistiques - réponses
Première participation Sociétaire % Correct
2000 Pierre Bénichou
94%
2007 Christine Bravo
81%
1999 Claude Sarraute
81%
1999 Isabelle Mergault
81%
2003 Caroline Diament
75%
2008 Fabrice Éboué
75%
2006 Jean Benguigui
75%
1999 Philippe Geluck
75%
2001 Steevy Boulay
75%
2000 Annie Lemoine
69%
1999 Gérard Miller
69%
2001 Jean-Luc Lemoine
69%
2007 Virginie Lemoine
69%
2013 Christophe Dechavanne
63%
2000 Isabelle Alonso
63%
2004 Jérémy Michalak
63%
2007 Titoff
63%
1999 Jacques Martin
56%
2008 Jean-Marie Bigard
56%
2011 Jérémy Ferrari
56%
2010 Laurent Baffie
56%
2007 Maxim Martin
56%
2009 Olivier de Kersauson
56%
1999 Christophe Alévêque
50%
2005 Franck Dubosc
50%
2010 Jean-Pierre Coffe
50%
2000 Maureen Dor
50%
2010 Yann Moix
50%
2011 Arnaud Tsamere
44%
2010 Florian Gazan
44%
2012 Guy Carlier
44%
1999 Jean-François Dérec
44%
2000 Jérôme Bonaldi
44%
2008 Michèle Bernier
44%
2009 Sophie Favier
44%
2000s Sophie Garel
44%
1999 Valérie Mairesse
44%
2001 Alexandre Debanne
38%
2006 Anne Roumanoff
38%
2010 Christophe Beaugrand
38%
2009 Gaspard Proust
38%
2004 Gérard Hernandez
38%
2001 Isabelle Motrot
38%
2006 Jul
38%
2004 Marie Laforêt
38%
(par téléphone) Monique Pantel
38%
2006 Mustapha El Atrassi
38%
2000s Paul Wermus
38%
2000 Philippe Tesson
38%
2000s Yvan Le Bolloc'h
38%
2009 Arnaud Gidoin
31%
2002 Charlotte de Turckheim
31%
2001 Christine Ockrent
31%
2000s Danièle Évenou
31%
2002 Elsa Fayer
31%
2008 Ève Angeli
31%
2012 Fabrice
31%
2000 Jean Yanne
31%
2008 Jonathan Lambert
31%
2011 Karine Ferri
31%
2009 Laurence Boccolini
31%
2008 Manu Payet
31%
1999 Philippe Alfonsi
31%
2009 Philippe Lacheau
31%
2001 Raphaël Mezrahi
31%
2001 Roger Zabel
31%
(par téléphone) Serge Llado
31%
2009 Thomas N'Gijol
31%
2010 François Renucci
25%
2001 Jérôme Commandeur
25%
2011 Kev Adams
25%
2010 Olivier de Benoist
25%
2010s Patrice Leconte
25%
2001 Péri Cochin
25%
2000 Philippe Bouvard
25%
2011 Sandrine Alexi
25%
2000s Stéphane Collaro
25%
2010 Valérie Bénaïm
25%
2008 Vikash Dhorasoo
25%
2000s Alain Sachs
19%
2000s Alex Goude
19%
2006 Booder
19%
2011 Bruno Gaccio
19%
2011 Diane Ducret
19%
2013 Donel Jack'sman
19%
2005 Élisabeth Lévy
19%
2013 Enora Malagré
19%
2013 Éric Laugérias
19%
2001 Évelyne Dhéliat
19%
2001 Frigide Barjot
19%
2000s Gilbert Rozon
19%
1999 Jean Amadou
19%
1999 Jean-Claude Carrière
19%
2001 Judith Magre
19%
2006 Mamane
19%
2006 Marianne Sergent
19%
2002 Marie-Ange Nardi
19%
2008 Max Boublil
19%
2012 Philippe Candeloro
19%
1999 Philippe Vandel
19%
2011 Pierre Lescure
19%
2012 Stéphane Bak
19%
2006 Stéphanie Bataille
19%
2014 Vincent Dedienne
19%
2009 Agnès Soral
13%
2011 Anne-Solenne Hatte
13%
2005 Catherine Arditi
13%
2009 Charlotte Gabris
13%
2010 Christelle Chollet
13%
2012 Eloïse Labro
13%
1999 Jacques Ramade
13%
2003 Jean-Bernard Hebey
13%
2006 Jérôme Daran
13%
2010s Juliette
13%
2001 Laurence Côte
13%
2010 Les Lascars gays
13%
2006 Marcel Amont
13%
2002 Maxime
13%
2006 Régis Laspalès
13%
2009 Roger Karoutchi
13%
2000s Rona Hartner
13%
2008 Sophia Aram
13%
2006 Stéphane Rousseau
13%
2006 Thomas Hervé
13%
2012 Willy Rovelli
13%
2008 Arnaud Lemort
6%
2000 Damien Thévenot
6%
2005 Elena Lenina
6%
2011 Élisabeth Buffet
6%
1999 Gaël Leforestier
6%
2000 Geneviève Dormann
6%
2014 Gwendoline Hamon
6%
2014 Gyselle Soares
6%
2000s Jean-Daniel Flaysakier
6%
2012 Kevin Razy
6%
2000 Marc-Olivier Fogiel
6%
2010 Marlène Mourreau
6%
2000s Nathalie Pirès
6%
2004 Pierre Sled
6%
2006 Rodolphe Gaudin
6%
2000s Stéphane Pocrain
6%
2006 Tania de Montaigne
6%
2000 Thierry Lefébure
6%
2013 Vérino
6%
2008 Virginie Caprice
6%
2006 Virginie de Clausade
6%
2012 Yann Renoard
6%
2011 Yves Lande
6%
2000s Adolf Storms
0%
2013 Alexandre Delpérier
0%
1999 Alphonse Boudard
0%
2005 Annick Alane
0%
2006 Antoine Buéno
0%
2006 Arnaud Crampon
0%
2000s Arno Klarsfeld
0%
2006 Audrey Katz
0%
2000s Bernard Chapuis
0%
1999 Bernard Haller
0%
2006 Bertrand Parent
0%
2006 Bilco
0%
2005 Brigitte Fossey
0%
2005 Chris Esquerre
0%
2012 Eddy Murté
0%
2007 Erwan Marinopoulos
0%
2013 Florence Belkacem
0%
2011 Frédéric Chevit
0%
2002 Gérard Loussine
0%
2001 Ghislaine Ottenheimer
0%
2007 Jean-Jacques Devaux
0%
2009 Jean-Jacques Vanier
0%
2008 Jean-Marie Gourio
0%
2006 Jean-Pierre Montanay
0%
2013 Johanna Kawa
0%
2014 Julie Arnold
0%
2008 Karine Lyachenko
0%
2009 Laurence Roman
0%
2007 Laurent Paganelli
0%
2006 Le comte de Bouderbala
0%
2012 Lulu
0%
2004 Lynda Lacoste
0%
1999 Maurice Rheims
0%
2005 Milann
0%
2001 Olivier Ranson
0%
2006 Peggy Bouchet
0%
2006 Pierre Bouteiller
0%
2008 Rachel Bourlier
0%
2009 Serena Reinaldi
0%
2008 Timothée Vienne
0%
Aucun quiz correspondant
Distribution des résultats
% des personnes avec chaque résultat
Percentile par nombre de réponses
Votre historique - résultats
Vous n’avez pas pris ce quiz depuis la dernière actualisation